Dwarkanath Tagore : (Record no. 6411)

MARC details
000 -LEADER
fixed length control field 00527cam a2200205ua 4500
001 - CONTROL NUMBER
control field 7291
005 - DATE AND TIME OF LATEST TRANSACTION
control field 20260515114203.0
008 - FIXED-LENGTH DATA ELEMENTS--GENERAL INFORMATION
fixed length control field 141206n ii |||gr||||Z||||||ben
040 ## - CATALOGING SOURCE
Transcribing agency MAIN
041 ## - LANGUAGE CODE
Language code of text/sound track or separate title ben
082 ## - DEWEY DECIMAL CLASSIFICATION NUMBER
Classification number 891.444
100 ## - MAIN ENTRY--PERSONAL NAME
Personal name Kripaloni, K.,
Relator term Author.
245 1# - TITLE STATEMENT
Title Dwarkanath Tagore :
Remainder of title Forgotten pioneer /
Statement of responsibility, etc. Bt Krishna Kripaloni .
250 ## - EDITION STATEMENT
Edition statement 1st.
260 ## - PUBLICATION, DISTRIBUTION, ETC.
Place of publication, distribution, etc. New Delhi:
Name of publisher, distributor, etc. National,
Date of publication, distribution, etc. 1980.
300 ## - PHYSICAL DESCRIPTION
Extent 366p.
653 ## - INDEX TERM--UNCONTROLLED
Uncontrolled term Bengali essays
700 ## - ADDED ENTRY--PERSONAL NAME
Personal name Pathikrit, Bismrita,
Relator term Translator.
942 ## - ADDED ENTRY ELEMENTS (KOHA)
Koha item type Books
Holdings
Withdrawn status Lost status Damaged status Not for loan Home library Current library Shelving location Date acquired Total checkouts Full call number Barcode Date last seen Copy number Price effective from Koha item type
        Naharkatiya College Library Naharkatiya College Library General stacks 09/19/2020   891.444 | KRI 12676 09/19/2020 1 09/19/2020 Books